| 000 | 01427nam a2200361 a 4500 | ||
|---|---|---|---|
| 001 | ebr5001416 | ||
| 003 | CaPaEBR | ||
| 006 | m u | ||
| 007 | cr cn||||||||| | ||
| 008 | 980710s1999 enka sb 001 0aeng | ||
| 010 | _z 98035095 | ||
| 020 | _z041519573X (hbk) | ||
| 020 | _z0415195748 (pbk) | ||
| 040 |
_aCaPaEBR _cCaPaEBR |
||
| 035 | _a(OCoLC)48138610 | ||
| 050 | 1 | 4 |
_aGN635.J2 _bH45 1999eb |
| 082 | 0 | 4 |
_a306/.0952 _221 |
| 100 | 1 | _aHendry, Joy. | |
| 245 | 1 | 3 |
_aAn anthropologist in Japan _h[electronic resource] : _bglimpses of life in the field / _cJoy Hendry. |
| 260 |
_aLondon ; _aNew York : _bRoutledge, _c1999. |
||
| 300 |
_axiv, 167 p. : _bill. |
||
| 490 | 1 | _aASA research methods in social anthropology | |
| 504 | _aIncludes bibliographical references (p. 155) and index. | ||
| 533 |
_aElectronic reproduction. _bPalo Alto, Calif. : _cebrary, _d2013. _nAvailable via World Wide Web. _nAccess may be limited to ebrary affiliated libraries. |
||
| 600 | 1 | 0 | _aHendry, Joy. |
| 650 | 0 |
_aEthnology _zJapan _xFieldwork. |
|
| 650 | 0 |
_aWomen ethnologists _zJapan _vBiography. |
|
| 651 | 0 |
_aJapan _xSocial life and customs. |
|
| 655 | 7 |
_aElectronic books. _2local |
|
| 710 | 2 | _aebrary, Inc. | |
| 830 | 0 | _aASA research methods in social anthropology (Routledge (Firm)) | |
| 856 | 4 | 0 |
_uhttp://site.ebrary.com/lib/rucke/Doc?id=5001416 _zAn electronic book accessible through the World Wide Web; click to view |
| 999 |
_c1184 _d1184 |
||